[Event "EU-ch (Women) 21st"]
[Site "Iasi"]
[Date "2021.08.16"]
[Round "7"]
[White "Babineca, Darja"]
[Black "Trippold, Denise"]
[Result "1/2-1/2"]
[WhiteElo "1756"]
[BlackElo "2098"]
[PlyCount "122"]
[EventDate "2021.08.09"]
[EventType "swiss"]
[EventRounds "11"]
[EventCountry "ROU"]
[SourceTitle "CBM 203 Extra"]
[Source "ChessBase"]
[SourceDate "2021.09.30"]
[SourceVersion "1"]
[SourceVersionDate "2021.09.30"]
[SourceQuality "1"]

1. e4 c5 2. Nf3 e6 3. d4 cxd4 4. Nxd4 Nc6 5. Nc3 Qc7 6. Be3 a6 7. Qd2 Nf6 8. f3 Be7 9. g4 d6 10. 0-0-0 Ne5 11. Qe2 b5 12. g5 Nfd7 13. f4 b4 14. Nb1 Nc6 15. Nd2 Bb7 16. Qf2 Rc8 17. Nxc6 Qxc6 18. Bd3 a5 19. Nb3 Qc7 20. Rhf1 Nc5 21. Bb5+ Bc6 22. Bxc6+ Qxc6 23. Nxc5 dxc5 24. Qf3 0-0 25. f5 exf5 26. exf5 Qxf3 27. Rxf3 Rfd8 28. f6 Rxd1+ 29. Kxd1 Bd6 30. h3 Be5 31. Rf5 Bxb2 32. Bxc5 gxf6 33. gxf6 Bxf6 34. Bxb4 axb4 35. Rxf6 Rc4 36. Kd2 Kg7 37. Rf3 f6 38. c3 bxc3+ 39. Rxc3 Ra4 40. a3 Kg6 41. Kc2 f5 42. Kb3 Ra8 43. Kc4 h5 44. Kb5 f4 45. a4 Kf5 46. Rc5+ Ke4 47. Rxh5 f3 48. Rc5 Rb8+ 49. Ka6 Ra8+ 50. Kb5 Rf8 51. Rc1 f2 52. Rf1 Ke3 53. a5 Ke2 54. Rxf2+ Kxf2 55. a6 Ke3 56. a7 Kd4 57. Kb6 Kd5 58. Kb7 Rf7+ 59. Kb6 Rf8 60. Kb7 Rf7+ 61. Kb6 Rf8 1/2-1/2

[Event "EU-ch (Women) 21st"]
[Site "Iasi"]
[Date "2021.08.10"]
[Round "2"]
[White "Petrova, Irina"]
[Black "Babineca, Darja"]
[Result "1-0"]
[WhiteElo "2110"]
[BlackElo "1756"]
[PlyCount "67"]
[EventDate "2021.08.09"]
[EventType "swiss"]
[EventRounds "11"]
[EventCountry "ROU"]
[SourceTitle "CBM 203 Extra"]
[Source "ChessBase"]
[SourceDate "2021.09.30"]
[SourceVersion "1"]
[SourceVersionDate "2021.09.30"]
[SourceQuality "1"]

1. e4 c5 2. Nf3 d6 3. Bb5+ Nd7 4. 0-0 a6 5. Bxd7+ Bxd7 6. d4 cxd4 7. Qxd4 Rc8 8. a4 Qc7 9. Nc3 e6 10. Rd1 Nf6 11. Qd3 Be7 12. Bf4 Bc6 13. Nd4 Nh5 14. Be3 0-0 15. Rd2 Rfd8 16. Rad1 Bf8 17. Nxc6 Qxc6 18. Qe2 g6 19. g4 Ng7 20. Bg5 Rd7 21. e5 Ne8 22. Ne4 Rcc7 23. exd6 Bxd6 24. Nxd6 Rxd6 25. Rxd6 Nxd6 26. Bf4 Ne8 27. Bxc7 Nxc7 28. Rd8+ Kg7 29. Qe5+ f6 30. Qc3 Qxc3 31. bxc3 Kh6 32. Rd7 Nd5 33. Rxb7 Nxc3 34. a5 1-0

[Event "World Corporate East E"]
[Site "Chess.com INT"]
[Date "2021.02.19"]
[Round "3.2"]
[White "Babineca, Darja"]
[Black "Preethi, Rajkumar"]
[Result "0-1"]
[WhiteElo "1756"]
[BlackElo "1955"]
[PlyCount "74"]
[EventDate "2021.02.19"]
[EventType "team (rapid)"]
[EventRounds "7"]
[EventCountry "USA"]
[SourceTitle "EXT 2022"]
[Source "ChessBase"]
[SourceDate "2021.10.06"]
[SourceVersion "1"]
[SourceVersionDate "2021.10.06"]
[SourceQuality "1"]
[WhiteTeam "Credit Suisse"]
[BlackTeam "Tata Consultancy Services Chennai"]
[WhiteTeamCountry "SUI"]
[BlackTeamCountry "IND"]

1. e4 g6 2. d4 Bg7 3. Nf3 d6 4. Bf4 Bg4 5. Be2 Nd7 6. h3 Bxf3 7. Bxf3 c6 8. 0-0 Qb6 9. Nd2 Bxd4 10. c3 Bg7 11. Qc2 Ngf6 12. Nc4 Qc7 13. Rfe1 b5 14. Nd2 0-0 15. Nb3 Rac8 16. Nd4 e5 17. Be3 exd4 18. cxd4 Rfe8 19. Bf4 Qb6 20. Rad1 Bf8 21. Qd2 Red8 22. h4 c5 23. d5 Ne5 24. Be2 Nxe4 25. Qd3 f5 26. Qc2 c4 27. h5 Qxf2+ 28. Kh1 Qxf4 29. Bf3 Nxf3 30. gxf3 Qxf3+ 31. Kg1 Bh6 32. Qg2 Be3+ 33. Kh1 Qxh5+ 34. Qh2 Nf2+ 35. Kg2 Qg4+ 36. Kf1 Nxd1 37. Rxd1 Qxd1+ 0-1

[Event "Wch FIDE Online U16 Girls Europe qual"]
[Site "Tornelo INT"]
[Date "2020.12.08"]
[Round "3"]
[White "Babineca, Darja"]
[Black "Zeliantsova, Kseniya"]
[Result "0-1"]
[WhiteElo "1756"]
[BlackElo "1900"]
[PlyCount "68"]
[EventDate "2020.12.07"]
[EventType "swiss (rapid)"]
[EventRounds "7"]
[EventCountry "ISS"]
[SourceTitle "EXT 2022"]
[Source "ChessBase"]
[SourceDate "2021.10.06"]
[SourceVersion "1"]
[SourceVersionDate "2021.10.06"]
[SourceQuality "1"]

1. e4 d6 2. Nf3 Nf6 3. Nc3 g6 4. d4 Bg7 5. g3 0-0 6. Bg2 Nc6 7. Be3 e5 8. dxe5 dxe5 9. 0-0 Qe7 10. Qe2 Be6 11. Ng5 Nd4 12. Bxd4 exd4 13. Nxe6 Qxe6 14. Nd1 Rfe8 15. Re1 Rad8 16. f4 Qb6 17. Kh1 h5 18. h3 Nd7 19. Nf2 Qxb2 20. Rab1 Qxa2 21. Ra1 Qe6 22. Rxa7 Qb6 23. Ra3 Nc5 24. e5 Ra8 25. Rea1 Rxa3 26. Rxa3 Qb2 27. Ra7 h4 28. g4 Qc1+ 29. Nd1 Qxf4 30. Qc4 Bxe5 31. Kg1 b6 32. Qd5 Qd2 33. Bf3 Bh2+ 34. Kf1 Re1# 0-1

[Event "Wch FIDE Online U16 Girls Europe qual"]
[Site "Tornelo INT"]
[Date "2020.12.08"]
[Round "4"]
[White "Mehmed, Elif"]
[Black "Babineca, Darja"]
[Result "1-0"]
[WhiteElo "1868"]
[BlackElo "1756"]
[PlyCount "67"]
[EventDate "2020.12.07"]
[EventType "swiss (rapid)"]
[EventRounds "7"]
[EventCountry "ISS"]
[SourceTitle "EXT 2022"]
[Source "ChessBase"]
[SourceDate "2021.10.06"]
[SourceVersion "1"]
[SourceVersionDate "2021.10.06"]
[SourceQuality "1"]

1. e4 c5 2. Nf3 d6 3. d4 cxd4 4. Qxd4 Nc6 5. Qe3 e5 6. h3 h5 7. Bc4 Be7 8. Nc3 Be6 9. Nd5 Nf6 10. Nxf6+ Bxf6 11. Bxe6 fxe6 12. Qb3 Qe7 13. Be3 Rc8 14. c3 b6 15. Qb5 Kf7 16. h4 Na5 17. Ng5+ Bxg5 18. Bxg5 Qe8 19. Qe2 d5 20. 0-0 Kg8 21. f4 exf4 22. Rxf4 e5 23. Rf5 g6 24. Rf6 dxe4 25. Qxe4 Kg7 26. Raf1 Rc7 27. Rxg6+ Qxg6 28. Qxe5+ Kh7 29. Qxc7+ Kg8 30. Qd8+ Kh7 31. Qe7+ Qg7 32. Rf7 Rg8 33. Bf6 Kh6 34. Bxg7+ 1-0

[Event "EU-ch Online U16 Girls"]
[Site "Tornelo INT"]
[Date "2020.09.18"]
[Round "3"]
[White "Babineca, Darja"]
[Black "Ferguson, Dayna"]
[Result "1-0"]
[WhiteElo "1756"]
[BlackElo "1374"]
[PlyCount "99"]
[EventDate "2020.09.18"]
[EventType "swiss (rapid)"]
[EventRounds "9"]
[EventCountry "NET"]
[SourceTitle "EXT 2023"]
[Source "ChessBase"]
[SourceDate "2022.10.05"]
[SourceVersion "1"]
[SourceVersionDate "2022.10.05"]
[SourceQuality "1"]
[WhiteTeam "Schweiz"]
[BlackTeam "Irland"]
[WhiteTeamCountry "SUI"]
[BlackTeamCountry "IRL"]

1. e4 c5 2. Nf3 d6 3. d4 Nf6 4. Nc3 cxd4 5. Nxd4 Nc6 6. Bg5 Bd7 7. Bc4 e6 8. Qd2 Rc8 9. Bb3 Qa5 10. Bxf6 gxf6 11. Ndb5 Qb4 12. 0-0-0 Rg8 13. g3 a6 14. Nxd6+ Bxd6 15. Qxd6 Qxd6 16. Rxd6 Ke7 17. Rhd1 Rgd8 18. Na4 b5 19. Nb6 Rc7 20. Rxd7+ Rcxd7 21. Rxd7+ Rxd7 22. Nxd7 Kxd7 23. Kd2 Kd6 24. f4 a5 25. c3 Kc5 26. Kd3 h6 27. Bd1 e5 28. Bb3 Nd8 29. Bd5 b4 30. f5 Kb5 31. Ke3 bxc3 32. bxc3 Kc5 33. h4 a4 34. Kf3 Nc6 35. Kg4 Na7 36. Kh5 Nb5 37. Kxh6 Nxc3 38. Kg7 Nxd5 39. h5 Nc3 40. h6 Nxa2 41. h7 a3 42. h8Q Nb4 43. Qc8+ Kb5 44. Qc1 a2 45. Kxf7 Ka4 46. Kxf6 Kb3 47. Kxe5 Nc2 48. f6 a1Q+ 49. Qxa1 Nxa1 50. f7 1-0

[Event "EU-ch Online U16 Girls"]
[Site "Tornelo INT"]
[Date "2020.09.18"]
[Round "1"]
[White "Babineca, Darja"]
[Black "Ostensson, Julia"]
[Result "1-0"]
[WhiteElo "1756"]
[BlackElo "1374"]
[PlyCount "147"]
[EventDate "2020.09.18"]
[EventType "swiss (rapid)"]
[EventRounds "9"]
[EventCountry "NET"]
[SourceTitle "EXT 2023"]
[Source "ChessBase"]
[SourceDate "2022.10.05"]
[SourceVersion "1"]
[SourceVersionDate "2022.10.05"]
[SourceQuality "1"]
[WhiteTeam "Schweiz"]
[BlackTeam "Sweden"]
[WhiteTeamCountry "SUI"]
[BlackTeamCountry "SWE"]

1. e4 c5 2. Nf3 d6 3. d4 cxd4 4. Nxd4 Nf6 5. Nc3 a6 6. Bg5 e6 7. Bc4 Be7 8. Qd2 b5 9. Bd3 0-0 10. 0-0 Bb7 11. Rae1 b4 12. Nd1 Qb6 13. Be3 Qc7 14. f3 d5 15. e5 Qxe5 16. Nf2 Qc7 17. Bf4 Bd6 18. Bxd6 Qxd6 19. Qg5 Nc6 20. Nxc6 Bxc6 21. f4 Rac8 22. Ng4 Nxg4 23. Qxg4 f5 24. Qe2 Rf6 25. Bxa6 Ra8 26. Ra1 Qc5+ 27. Kh1 d4 28. Bd3 Qd5 29. Bc4 Qd6 30. Rfe1 Bd5 31. Rad1 Rc8 32. Bxd5 Qxd5 33. Rd2 Kf7 34. Qe5 Rd8 35. c3 bxc3 36. bxc3 d3 37. Qxd5 Rxd5 38. Re3 e5 39. fxe5 Re6 40. Rexd3 Rdxe5 41. Kg1 Rc5 42. Rd7+ Kf6 43. R7d3 Ra5 44. c4 Rc5 45. Rd4 Re1+ 46. Kf2 Rc1 47. Rd6+ Kg5 48. Rd7 g6 49. Rxh7 R5xc4 50. g3 R1c2 51. Rhd7 Kf6 52. Ke3 R4c3+ 53. Ke2 Rc4 54. Kd3 R4c3+ 55. Ke2 Rc4 56. Rxc2 Rxc2+ 57. Rd2 Rc4 58. Kd3 Rc6 59. a4 Ra6 60. Ra2 Ke5 61. Kc4 f4 62. gxf4+ Kxf4 63. Kb5 Ra8 64. a5 Ke5 65. Kb6 Kd6 66. Kb7 Re8 67. a6 Re7+ 68. Kb6 Kd7 69. a7 Re8 70. Kb7 Kd6 71. a8Q Re7+ 72. Kb6 Re6 73. Qc6+ Ke5 74. Re2+ 1-0